Somewhere in the Middle (Miscellaneous) Quiz Stats

 Plays Quiz Updated Nov 9, 2017

Score 0/20 Timer 01:30
5 Plays Today
% Correct
Rock
94.1%
Do
93.6%
Lickin'
93.6%
Onion
92.9%
John
92.8%
Lovin'
92.8%
Green
91.4%
Pao
89.6%
Fried
87.9%
Braking
87.8%
% Correct
Star
87.5%
Hopkins
86.9%
Utility
82.3%
Automobile
81.6%
College
75.8%
Military
70.2%
Gin
69.5%
Motor
64.6%
Dutch
59.8%
Milk
41.1%

You're not logged in!

Compare scores with friends on all Sporcle quizzes.
OR
Log In

Show Comments

Extras

Top Quizzes Today


Score Distribution

Your Account Isn't Verified!

In order to create a playlist on Sporcle, you need to verify the email address you used during registration. Go to your Sporcle Settings to finish the process.

Report this User

Report this user for behavior that violates our Community Guidelines.

Details: